000 00904cab a2200241 4500
001 ABS40326
008 090401t1989 xxu||||| |||| 00| 0 eng d
035 _a(Sirsi) u23090
041 _aeng
100 _aThomas, K.
245 _aFungus is the bogey-man of timber in buildings
260 _c1989
350 _a0
490 _aBuilding Today
_v197(5793) 16 February 1989, 30-31(2)
520 _aConsiders how fungal decay affects the durability of timber , which must have a moisture content of at least 20% before fungi can develop and cause damage. Distinguishes between dry-rot and wet-rot fungi, reviewing their characteristics. Concludes with a short paragraph on the protection of timber.
650 _aBUILDING DEFECTS
650 _aCONDENSATION
650 _aDAMP
650 _aMOULD GROWTH
690 _aBUILT ENVIRONMENT-BUILDING PATHOLOGY
942 _n0
948 _c04/03/1997
999 _c15469
_d15469